| 000 | 00342nam a2200133Ia 4500 | ||
|---|---|---|---|
| 008 | 240624s9999 xx 000 0 und d | ||
| 041 | _aeng | ||
| 082 | _a332.024 ARI | ||
| 100 | _aARIELY DAN | ||
| 245 | _aDOLLARS AND SENSE HOW WE MISTHINK MONEY | ||
| 260 |
_c2017 _aNew York _bHarperCollins |
||
| 300 | _ax, 275 p.; 23 cm. | ||
| 365 |
_c _b30 |
||
| 999 |
_c31974 _d31974 |
||